Statistics for Luke Combs Songs

Click here to take the quiz!

General Stats

  • This quiz has been taken 68 times
  • The average score is 3 of 7

Answer Stats

HintAnswer% Correct
Your lipstick stained every coffee cup
That I got in this house
Better Together
86%
So, whatcha say we cancel our plans?
Tonight I'm only gonna be your man
The Kind of Love We Make
76%
I like a strong shot of whiskey
The way a Marlboro hits me
Some broken in cowboy boots
Lovin On You
48%
We say our prayers, send 'em to the sky
Bust our backs, barely getting by
Carolina to California, up to Illinois
Yeah, there's guys like us
Blue Collar Boys
41%
A neon, five o'clock, broke clock
And plenty damn many when you want one more
Of this broke heart fool on an old bar stool
Cold As You
41%
Hear the waves and the breeze and the Joshua trees
Was just about as good as it gets
Taste the salt on the rim, feel that sand on your skin
Moon Over Mexico
29%
Got picked back up by luck and a few good friends
Who reminded me of all I stood to lose
This One's for You
17%

Score Distribution

Percentile by Number Answered

Percent of People with Each Score

Your Score History

You have not taken this quiz